Score 0/25 Timer 06:00
5 Plays Today
Overall Frequency Word % Correct
Starts with Aa
99.6%
Starts with II
97.2%
Starts with Iin
92.3%
Starts with Aand
90.9%
Starts with Oon
90.7%
Starts with Iis
83.6%
Starts with Oof
82.9%
Starts with Iit
81.9%
Starts with Uunder
79.5%
Starts with Aat
79.2%
Starts with Aas
76%
Starts with Uup
75.6%
Starts with Aare
74.9%
Overall Frequency Word % Correct
Starts with Oor
72.3%
Starts with Eend
69%
Starts with Uus
68.8%
Starts with Iif
67.5%
Starts with Eevery
56.9%
Starts with Oout
52.9%
Starts with Uuse
46.9%
Starts with Eeach
45.2%
Starts with Eeven
41.4%
Starts with Oone
36.3%
Starts with Uuntil
20%
Starts with Eearth
9.5%
Remove Ads.
Support Sporcle.
Get the best of Sporcle when you Go Orange. This ad-free experience offers more features, more stats, and more fun while also helping to support Sporcle. Thank you for becoming a member.

You're not logged in!

Compare scores with friends on all Sporcle quizzes.
OR
Log In

Show Comments

Extras

Top Quizzes Today


Score Distribution

Your Account Isn't Verified!

In order to create a playlist on Sporcle, you need to verify the email address you used during registration. Go to your Sporcle Settings to finish the process.

Report this User

Report this user for behavior that violates our Community Guidelines.

Details: